| 000 | 00863nam a2200229 a 4500 | ||
|---|---|---|---|
| 999 |
_c2438 _d2438 |
||
| 003 | OSt | ||
| 005 | 20210709095740.0 | ||
| 008 | 931018s1993 enka b 001 0 eng | ||
| 020 | _a0750601701 | ||
| 040 | _cDLC | ||
| 050 | 0 | 0 |
_aRD97 _b.S64 1993 |
| 245 | 0 | 4 |
_aThe Soft tissues : _btrauma and sports injuries / _cedited by G.R. McLatchie, C.M.E. Lennox ; assistant editors, E.C. Percy and J. Davies. |
| 260 |
_aOxford ; _bBoston : _bButterworth Heinemann, _c1993. |
||
| 300 |
_aix, 485 p. : _bill. ; _c26 cm. |
||
| 504 | _aIncludes bibliographical references and index. | ||
| 650 | 0 | _aSports injuries. | |
| 700 | 1 | _aMcLatchie, Greg R. | |
| 700 | 1 |
_aLennox, C. M. E. _q(Catherine M. E.) |
|
| 906 |
_a7 _bcbc _corignew _d2 _encip _f19 _gy-gencatlg |
||
| 942 |
_2lcc _cBK _nSO |
||